ბათუმის შოთა რუსთაველის სახელმწიფო უნივერსიტეტის ბიბლიოთეკა

The Oxford handbook of deaf studies, language, and education / (ბიბ.ჩანაწერი № 56815)

000 -LEADER
fixed length control field 01119cam a2200241 a 4500
001 - CONTROL NUMBER
control field 16407302
005 - DATE AND TIME OF LATEST TRANSACTION
control field 20221114174041.0
008 - FIXED-LENGTH DATA ELEMENTS--GENERAL INFORMATION
fixed length control field 100813m20109999enka b 001 0 eng
020 ## - INTERNATIONAL STANDARD BOOK NUMBER
International Standard Book Number 9780199750986x
041 0# - LANGUAGE CODE
Language code of text/sound track or separate title eng
080 ## - UNIVERSAL DECIMAL CLASSIFICATION NUMBER
Universal Decimal Classification number 376(035) T-44
245 04 - TITLE STATEMENT
Title The Oxford handbook of deaf studies, language, and education /
Statement of responsibility, etc. editor -in Chief: Peter E. NATHAN , edited by : Marc Marschark and Patricia Elizabeth Spencer.
246 30 - VARYING FORM OF TITLE
Title proper/short title Deaf studies, language, and education
264 ## - PRODUCTION, PUBLICATION, DISTRIBUTION, MANUFACTURE, AND COPYRIGHT NOTICE
Place of production, publication, distribution, manufacture New York :
Name of producer, publisher, distributor, manufacturer Oxford University Press,
Date of production, publication, distribution, manufacture, or copyright notice 2010
300 ## - PHYSICAL DESCRIPTION
Extent 506 p . :
Other physical details ill. ;
Dimensions 26 cm.
653 ## - INDEX TERM--UNCONTROLLED
keyword ყრუ ბავშვების სწავლა განათლება
653 ## - INDEX TERM--UNCONTROLLED
keyword განათლება
653 ## - INDEX TERM--UNCONTROLLED
keyword განსაკუთრებულ პირთა ჯგუფის განათლება, სწავლება და მომზადება
700 1# - ADDED ENTRY--PERSONAL NAME
Personal name Marschark, Marc.
9 (RLIN) 658
Relator term რედაქტორი
700 1# - ADDED ENTRY--PERSONAL NAME
Personal name Spencer, Patricia Elizabeth.
9 (RLIN) 659
Relator term რედაქტორი
830 #0 - SERIES ADDED ENTRY--UNIFORM TITLE
Uniform title Oxford library of psychology.
9 (RLIN) 660
942 ## - ADDED ENTRY ELEMENTS (KOHA)
Source of classification or shelving scheme
Koha item type წიგნი
ეგზემპლარები
Withdrawn status Lost status Source of classification or shelving scheme Damaged status Not for loan Permanent Location Current Location Shelving location Date acquired Cost, normal purchase price Full call number Barcode Date last seen Copy number Price effective from Koha item type Public note
          ბათუმის შოთა რუსთაველის სახელმწიფო უნივერსიტეტის მთავარი ბიბლიოთეკა ბათუმის შოთა რუსთაველის სახელმწიფო უნივერსიტეტის მთავარი ბიბლიოთეკა წიგნსაცავი 2019-05-02 432.00 376(035) T-44 59666 2019-05-02 59666 2019-05-02 წიგნი 432 gel.
          ბათუმის შოთა რუსთაველის სახელმწიფო უნივერსიტეტის მთავარი ბიბლიოთეკა ბათუმის შოთა რუსთაველის სახელმწიფო უნივერსიტეტის მთავარი ბიბლიოთეკა წიგნსაცავი 2019-05-02 432.00 376(035) T-44 59667 2019-05-02 59667 2019-05-02 წიგნი 432 gel.
          ბათუმის შოთა რუსთაველის სახელმწიფო უნივერსიტეტის მთავარი ბიბლიოთეკა ბათუმის შოთა რუსთაველის სახელმწიფო უნივერსიტეტის მთავარი ბიბლიოთეკა წიგნსაცავი 2019-05-02 432.00 376 (035) y-44 59668 2019-05-02 59668 2019-05-02 წიგნი 432 gel.
          ბათუმის შოთა რუსთაველის სახელმწიფო უნივერსიტეტის მთავარი ბიბლიოთეკა ბათუმის შოთა რუსთაველის სახელმწიფო უნივერსიტეტის მთავარი ბიბლიოთეკა წიგნსაცავი 2019-05-02 432.00 376 (035) T-44 59669 2019-05-02 59669 2019-05-02 წიგნი 432 gel.